Normal view
MARC view
Entry Personal Name
001 - CONTROL NUMBER
- control field: 1119632
003 - CONTROL NUMBER IDENTIFIER
- control field: OSt
005 - DATE AND TIME OF LATEST TRANSACTION
- control field: 20260302114739.0
008 - FIXED-LENGTH DATA ELEMENTS
- fixed length control field: 260302|| aca||aabn | a|a d
040 ## - CATALOGING SOURCE
- Original cataloging agency: OSt
- Transcribing agency: OSt
100 ## - HEADING--PERSONAL NAME
- Personal name: Reinhold F. Glei & Maik Goth
670 ## - SOURCE DATA FOUND
- Source citation: Work cat.: (OSt)1683694: Reinhold F. Glei & Maik Goth, Medievalia et Humanistica, No. 48 Studies in Medieval and Renaissance Culture: New Series
